Material matters that get to the root of the problem (Record no. 74135)
[ view plain ]
| 000 -LEADER | |
|---|---|
| fixed length control field | 01538cab a2200229 4500 |
| 001 - CONTROL NUMBER | |
| control field | ABS67396 |
| 008 - FIXED-LENGTH DATA ELEMENTS--GENERAL INFORMATION | |
| fixed length control field | 040205n2003 000 0 eng u |
| 035 ## - SYSTEM CONTROL NUMBER | |
| System control number | (Sirsi) u125070 |
| 100 ## - MAIN ENTRY--PERSONAL NAME | |
| Personal name | Lindsey, S. |
| 245 ## - TITLE STATEMENT | |
| Title | Material matters that get to the root of the problem |
| 260 ## - PUBLICATION, DISTRIBUTION, ETC. | |
| Date of publication, distribution, etc. | 2003 |
| 490 ## - SERIES STATEMENT | |
| Series statement | Architects' Journal |
| Volume/sequential designation | 218(22) 18/25 December 2003, 50(1) |
| 520 ## - SUMMARY, ETC. | |
| Summary, etc. | Examines the the increase in claims for subsidence damage caused by tree roots, after the long, dry summer of 2003. In "Rupert St John Loftus-Brigham and Another v London Borough of Ealing" ([2003] EWCA Civ 1490, unreported) the judge held that the claimants had failed to discharge the burden of proving that cracks in their house caused by subsidence resulted from desiccation of the sub-soil attributable to the root activity of the council's trees. Experts agreed that the creepers at the front of the house had at least contributed to the damage. On appeal, the claimants argued that the judge applied the wrong test and should have concluded that the council's trees were an effective and substantial cause of the subsidence. A rehearing has been allowed. View judgment at www.bailii.org. |
| 590 ## - LOCAL NOTE (RLIN) | |
| Local note | ABS |
| 590 ## - LOCAL NOTE (RLIN) | |
| Local note | ABS |
| 650 ## - SUBJECT ADDED ENTRY--TOPICAL TERM | |
| Topical term or geographic name entry element | LOFTUS-BRIGHAM AND ANOTHER V EALING LBC |
| 650 ## - SUBJECT ADDED ENTRY--TOPICAL TERM | |
| Topical term or geographic name entry element | SUBSIDENCE DAMAGE |
| 650 ## - SUBJECT ADDED ENTRY--TOPICAL TERM | |
| Topical term or geographic name entry element | TREE ROOT CLAIMS |
| 690 ## - LOCAL SUBJECT ADDED ENTRY--TOPICAL TERM (OCLC, RLIN) | |
| Topical term or geographic name as entry element | BUILT ENVIRONMENT-BUILDING PATHOLOGY |
| 856 ## - ELECTRONIC LOCATION AND ACCESS | |
| Uniform Resource Identifier | <a href="https://www.bailii.org/cgi-bin/markup.cgi?doc=/ew/cases/EWCA/Civ/2003/1490.html">https://www.bailii.org/cgi-bin/markup.cgi?doc=/ew/cases/EWCA/Civ/2003/1490.html</a> |
| Public note | View the judgment on the BAILII website... |
| 942 ## - ADDED ENTRY ELEMENTS (KOHA) | |
| Suppress in OPAC | 0 |
| Withdrawn status | Lost status | Source of classification or shelving scheme | Damaged status | Not for loan | Home library | Current library | Shelving location | Date acquired | Total Checkouts | Full call number | Barcode | Date last seen | Copy number | Price effective from | Koha item type |
|---|---|---|---|---|---|---|---|---|---|---|---|---|---|---|---|
| Dewey Decimal Classification | London | London | Journal article | 05/02/2004 | ABS67396 | 125070-1001 | 06/08/2019 | 1 | 06/08/2019 | Journal article |